000 00545ntaaa2200205 4500
003 01
005 20251027201230.0
008 0714s1973 ag 01
040 _aAR-BaBN
_bspa
_cAR-BaBN
_eaacr
_dRIC
082 _a220.92 M57
100 _aMeyer, F. B.
_9969
245 _aAbraham o la obediencia de la fe /
_cF. B. Meyer
250 _a1 ed. :
_bCasa Bautista de Publicaciones,
_cn.f.
300 _a211 p.
650 _aBiblia-Biografía
650 _aAbraham
650 _aBiblia-A.T.-Historia
650 _aBiblia-A.T.-Génesis
942 _cBK
999 _c6667
_d6667